| 000 | 00357nam a2200145Ia 4500 | ||
|---|---|---|---|
| 005 | 20250316142348.0 | ||
| 008 | 240331s9999 xx 000 0 und d | ||
| 082 |
_bKUM _a894 |
||
| 100 | _aKumaresh, T | ||
| 245 | 0 | _aPurithal | |
| 260 |
_aSri Lanka _bAranyam Publication _c2003 |
||
| 300 | _av, 100 p ., | ||
| 650 | _aCollection of Short Stories | ||
| 942 | _cL | ||
| 999 |
_c4367 _d4367 |
||